| 000 | 00458nam a2200193 a 4500 | ||
|---|---|---|---|
| 001 | 1754983874170 | ||
| 003 | ACL | ||
| 005 | 20250812130358.0 | ||
| 008 | 250812s2009##################000#0#eng## | ||
| 020 | _a9780300154702 | ||
| 082 | 0 | 4 |
_a709.2 _bWIL |
| 100 | 1 |
_aWilmerding, John, _eauthor. |
|
| 245 | 1 | 0 | _aRobert Indiana and the Star of Hope : |
| 260 | _c2009. | ||
| 300 | _a136 pages | ||
| 650 | 0 | _aArt. | |
| 942 | _cENGLISH | ||
| 040 |
_aACL _beng _cACL |
||
| 999 |
_c581234 _d581234 |
||